USA: Towns with the same name as South American capitals - Statistics

General Stats
  • This quiz has been taken 246 times
    218 since last reset
  • The average score is 7 of 8
Answer Stats
US state(s) South American capital % Correct
Ohio + 9 others Lima
95%
New Jersey + 3 others Bogotá
91%
West Virginia + 2 others Santiago
89%
Arizona Buenos Aires
83%
Virginia + Minnesota Montevideo
81%
Mississippi Quito
77%
Indiana La Paz
72%
Texas + 28 others Georgetown
69%
No matching quizzes found
Score Distribution
Percent of People with Each Score
Percentile by Number Answered
Your Score History
You have not taken this quiz since the last reset